Racun-racun perosak

Bibliographic Details
Main Author: Teo Kheng Hoe, Christopher
Format: Book
Published: Pulau Pinang : Penerbit USM , 1986
Subjects:

MARC

LEADER 00000cam a2200000 7i4500
001 0000004872
002 000005255
005 20000330.0
020 |a 9679911276 
090 0 0 |a 632.95   |b TEO 
100 1 |a Teo Kheng Hoe, Christopher 
245 1 0 |a Racun-racun perosak   |c Christopher Teo Kheng Hoe 
260 |a Pulau Pinang :   |b Penerbit USM ,   |c 1986 
300 |a 135p. ;   |c 23cm. 
650 0 0 |a Hazardous substances 
650 0 0 |a Pesticides 
999 |a 034789   |b BUKU   |c PINJAMAN   |e PERPUSTAKAAN KOMUNITI PETALING JAYA 
999 |a 034790   |b BUKU   |c PINJAMAN   |e PERPUSTAKAAN KOMUNITI PETALING JAYA